दीवार के पार, दुनिया अपार: (Record no. 204872)

MARC details
000 -LEADER
fixed length control field 00988nam a22002057a 4500
005 - DATE AND TIME OF LATEST TRANSACTION
control field 20240806123858.0
010 ## - LCCN (DPL NO)
LC control number HIN-128089
020 ## - INTERNATIONAL STANDARD BOOK NUMBER
Terms of availability 205.00
International Standard Book Number 9788123799452
035 ## - SYSTEM CONTROL NUMBER
System control number HN-100435
037 ## - SOURCE OF ACQUISITION
Source of stock number/acquisition DBAD
082 ## - DEWEY DECIMAL CLASSIFICATION NUMBER
Classification number 808.88
100 ## - MAIN ENTRY--PERSONAL NAME
Personal name उपाध्याय, राजेन्द्र
245 ## - TITLE STATEMENT
Title दीवार के पार, दुनिया अपार:
Remainder of title यात्रा वृत्तांत/
Statement of responsibility, etc राजेन्द्र उपाध्याय
250 ## - EDITION STATEMENT
Edition statement प्रथम
260 ## - PUBLICATION, DISTRIBUTION, ETC. (IMPRINT)
Place of publication, distribution, etc नई दिल्ली
Name of publisher, distributor, etc राष्ट्रीय पुस्तक न्यास
Date of publication, distribution, etc 2021
270 ## - ADDRESS
Address नेहरू भवन, 5 इंस्टिट्यूशनल एरिया,फेज-II, वसंत कुंज
City नई दिल्ली
Postal code 110070
300 ## - PHYSICAL DESCRIPTION
Extent 135पृ.
Dimensions 22सेमी. (अजिल्द)
650 ## - SUBJECT ADDED ENTRY--TOPICAL TERM
Topical term or geographic name as entry element हिन्दी
942 ## - ADDED ENTRY ELEMENTS (KOHA)
Source of classification or shelving scheme Dewey Decimal Classification
Item type Hindi Books
Classification part 808.88
Call number suffix उपाध्या
Holdings
Withdrawn status Lost status Not for loan Collection code Home library Current library Date acquired Source of acquisition Cost, normal purchase price Full call number Barcode Copy number Cost, replacement price Koha item type
      Non-fiction Patel Nagar Patel Nagar 06/08/2024 DBAD 205.00 808.88 उपाध्या HN-100435 1 205.00 Hindi Books

© Delhi Public Library
Hit Counter
free hit counter